000 01054cam a2200337 a 4500
001 5721
003 FISKH
005 20250502085247.0
008 850702s1986 nyua j 000 1 eng
010 _a 85014871
020 _a0688060676
020 _a0688060684 (lib. bdg.)
040 _aDLC
_cDLC
_dDLC
_beng
050 _aPZ8.C867
082 _a513.211
100 1 _aCrews, Donald.
245 1 0 _aTen black dots /
_cDonald Crews.
250 _aFirst Scholastic printing, November 1992.
260 _aNew York :
_bScholastic,
_c1986.
300 _a29 unnumbered pages ;
_bcolor illustrations ;
_c21 cm
500 _a"Redesigned and revised."
505 _aG
520 _aA counting book which shows what can be done with ten black dots--one can make a sun, two a fox's eyes, or eight the wheels of a train.
521 8 _a410
_bLexile AD
521 8 _aG
_bRaz-Plus
650 1 _aCounting.
650 1 _aStories in rhyme.
906 _a7
_bcbc
_corignew
_d1
_eocip
_f19
_gy-gencatlg
942 _2ddc
_cBK
_n0
999 _c5721
_d5721